00723nam a2200169Ia 4500008004100000050002600041100003300067245014700100260008600247300002100333521001500354650003000369650001900399942000700418999001900425952010900444140724s9999 xx 000 0 und d aRJ 449.A1b.C744 2010 aConcepcion, Renee Arianne M. 2aA case study on codependency, self-silencing and parental authoritarianism on selected female College Students /cRenee Arianne M. Concepcion. aLas Piñas, Philippines :bSouthville International School and Colleges,cc2010. a132 p. :c28 cm. aPsychology aParental Authoritarianism aSelf-silencing cTH c229017d229017 001040aCLbCLcTHESESd2014-07-24l0oRJ 449.A1 .C744 2010pT0371r2018-05-15 00:00:00w2014-07-24yTH